| 000 | 00392nam a22001457a 4500 | ||
|---|---|---|---|
| 020 | _a9788126524969 | ||
| 082 |
_a660.63 _bLYD/BI |
||
| 245 | _aBioprocess Engineering: Systems, Equipment and Facilities | ||
| 260 |
_aNew Delhi _bWiley India Pvt.Ltd _c210 |
||
| 300 | _a805 | ||
| 700 |
_aLydersen,Bjorn,K. _9480 |
||
| 700 |
_aD'elia,Nancy,A. _9481 |
||
| 700 |
_aNelson,Kim,L. _9482 |
||
| 942 | _cBK | ||
| 999 |
_c14339 _d14339 |
||